Statistieken voor Gastlanden van de Olympische Spelen

Klik hier om de quiz te nemen!

Algemene statistieken

  • Deze quiz is 122 keer genomen
  • De gemiddelde score is 20 van 24

Antwoordstatistieken

#Country% Correct
9Verenigde Staten
100%
4Japan
97%
2China
96%
1Spanje
96%
3Duitsland
95%
6Frankrijk
95%
1Rusland
95%
1Brazilie
94%
4Italie
92%
1Nederland
92%
2Griekenland
91%
3Australië
90%
1Belgie
90%
3Canada
90%
2Noorwegen
86%
1Mexico
85%
3Verenigd Koninkrijk
85%
1Zweden
84%
1Finland
81%
2Zuid-Korea
81%
2Oostenrijk
70%
2Zwitserland
70%
1Joegoslavie
43%
1Soviet Unie
8%

Scoreverdeling

Percentiel versus Aantal Correcte Antwoorden

Procent van Mensen met Elke Score

Uw Scoregeschiedenis

U heeft deze quiz nog niet genomen